Normal view
MARC view
- الأدب العربي - نثر - نقد
Entry Topical Term
001 - CONTROL NUMBER
- control field: 11049
003 - CONTROL NUMBER IDENTIFIER
- control field: JO-AjAnu
005 - DATE AND TIME OF LATEST TRANSACTION
- control field: 20230606072055.0
008 - FIXED-LENGTH DATA ELEMENTS
- fixed length control field: 230606|| aca||aabn | a|a d
040 ## - CATALOGING SOURCE
- Original cataloging agency: JO-AjAnu
- Transcribing agency: JO-AjAnu
150 ## - HEADING--TOPICAL TERM
- Topical term or geographic name entry element: الأدب العربي - نثر - نقد
670 ## - SOURCE DATA FOUND
- Source citation: Work cat.: (JO-AjAnu)5689: تأليف الفار، مصطفى ؛ الشوابكة، داوود, author 11048, باقات من النثر العربي القديم: دراسة تطبيقية